Todos os Santos - Statistics

Estatísticas Gerais
  • Esse quiz foi jogado 351 vezes
    349 desde o último reset
  • A pontuação média é 29 de 159
Estatísticas das Respostas
# SANTOS DICA % Correto
Nossa Senhora Mãe de Deus
96%
São João Apóstolo e Evangelista
79%
São Pedro Apóstolo e primeiro Papa
79%
Santa Ana Avó de Jesus
73%
São Paulo Apóstolo dos gentios, ligado a maior cidade do Brasil
73%
São José Esposo de Maria e pai putativo de Jesus
70%
São Miguel Arcanjo
61%
São Lucas Evangelista
59%
São Mateus Apóstolo e Evangelista
57%
Santo Agostinho Doutor da Igreja, autor de Confissões e A Cidade de Deus
56%
São Gabriel Arcanjo
56%
São Francisco de Assis Fundou a Ordem dos Franciscanos
51%
São Judas Tadeu Apóstolo
51%
São Bento Fundou uma Ordem com sua irmã gêmea
48%
Santa Isabel Prima de Nossa Senhora, inspirada pelo Espírito Santo compôs uma parte da Ave Maria
48%
Santa Luzia Mártir - Teve seus olhos arrancados
48%
Santa Maria Madalena Primeira testemunha da ressurreição de Cristo
48%
São Rafael Arcanjo
48%
São Marcos Evangelista
46%
Santa Clara Fundadora de uma Ordem, abandonou tudo para abraçar a pobreza
43%
Santa Rita de Cássia Santa das causas impossíveis, converteu toda sua família
42%
São Tomás de Aquino Doutor da Igreja, pai do tomismo, autor da Suma Teológica
42%
São Tomé Apóstolo
42%
Santa Cecília Mártir - padroeira dos músicos
40%
Santa Joana D'Arc Defensora da França
40%
São Jorge Soldado romano que na iconografia luta contra o dragão
40%
São João Batista Precursor de Jesus
39%
Santo André Apóstolo
38%
São Sebastião Mártir - Foi transpassado por flechas
38%
São Bartolomeu Apóstolo
37%
São Lázaro Foi ressuscitado por Jesus
37%
São Nicolau O verdadeiro Papai Noel
37%
São Joaquim Avô de Jesus
36%
São Simão/Simão Zelote Apóstolo
34%
São Longuinho/Longino Atravessou o coração de Jesus com uma lança
33%
Santo Antonio de Pádua/Antonio de Lisboa Doutor da Igreja, grande pregador e taumaturgo, sua língua está incorrupta
31%
Santa Bárbara Mártir - Seu pai colaborou para a sua morte
31%
Santa Helena Descobriu muitas relíquias de Cristo
29%
Santa Mônica Exemplo de mãe perseverante na oração
29%
São Benedito Santo negro, conhecido pela pobreza e caridade
28%
São Filipe Apóstolo
28%
Santa Teresa D'Avila/Teresa de Jesus Doutora da Igreja, fundadora e mística, autora do Castelo Interior e O Caminho da Perfeição
28%
Santa Marta Amiga de Cristo, mestra da vida ativa
27%
São Patrício Padroeiro da Irlanda
27%
São Tiago Maior Apóstolo
27%
São Tiago Menor Apóstolo
27%
São Dimas Foi crucificado ao lado de Jesus
26%
Santo Expedito Soldado romano, se converteu sem procrastinar
26%
São Matias Apóstolo, ocupou o lugar de Judas Iscariotes
25%
Santa Teresinha do Menino Jesus Doutora da Igreja, teologia do pequeno caminho, autora de A História de uma Alma
25%
Santa Verônica Enxugou o rosto de Jesus
24%
Santa Catarina de Siena/Catarina de Sena Doutora da Igreja, mística e estigmatizada, lutou contra o cisma do Ocidente
23%
Santo Estevão Primeiro mártir cristão
23%
São Jerônimo Doutor da Igreja, traduziu a Bíblia
23%
São Pio X Papa, combateu o modernismo, famoso por seu Catecismo
23%
São Brás Famoso pela benção das gargantas
22%
Santo Inácio de Loyola Fundador da Ordem dos Jesuítas
22%
São Tarcísio Mártir da Eucaristia
22%
São Zacarias Foi visitado por um anjo e ficou mudo até o nascimento do filho
22%
Santa Inês Mártir da pureza
21%
Santa Edwiges Ajudou muitos endividados
18%
São João da Cruz Doutor da Igreja, fundador, autor de A Noite Escura da Alma
17%
São Barnabé Companheiro de São Paulo
16%
São João Maria Vianney Padroeiro dos sacerdotes
16%
Santa Filomena Mártir - Foi amarrada a uma âncora e jogada ao mar
15%
São João Bosco Santo da juventude, fundou uma Ordem e teve muitos sonhos proféticos
15%
Santo Ambrósio Doutor da Igreja, Bispo, ajudou na conversão de outro grande Santo
13%
São Bruno Fundador da Ordem da Cartuxa
13%
São Domingos Sávio Aluno de Dom Bosco
13%
São Gregório Magno Papa e Doutor da Igreja, chamado de Magno
13%
São Lourenço Mártir - Foi assado vivo
13%
Santa Escolástica Fundadora de uma Ordem com seu irmão gêmeo
12%
São Januário Seu sangue se liquefaz até os dias de hoje
12%
São Leão Magno Papa e Doutor da Igreja, chamado de Magno, encontrou com Átila
12%
Santa Felicidade Mártir na arena de Cartago
11%
São Francisco de Sales Doutor da Igreja, fundador da ordem da Visitação, escreveu muitos livros
11%
São Francisco Xavier Grande missionário da Ásia
11%
Santa Perpétua Mártir na arena de Cartago
11%
Santa Rosa de Lima Mística e penitente, primeira Santa das Américas
11%
Santo Antão Pai do monaquismo cristão
10%
Santa Efigênia Princesa da Etiópia
10%
São Filipe Néri Conhecido como o "Santo da alegria"
10%
Santa Isabel da Hungria Rainha da Hungria
10%
São Luís IX Rei da França
10%
Santa Maria Goretti Mártir da pureza, perdoou seu algoz antes de morrer
10%
São Vicente de Paulo Fundou a Ordem das Filhas da Caridade
10%
São Domingos de Gusmão Fundador da Ordem dos Pregadores, apóstolo do Rosário
9%
Santa Brígida Diálogos com Jesus e a Virgem Maria, famosa por suas orações
8%
Santa Gertrudes/Gertrudes Magna Devota do Sagrado Coração e mística
8%
São Luís Gonzaga Padroeiro da juventude Católica
8%
Santo Atanásio Doutor da Igreja, maior adversário do arianismo
7%
São Bonifácio Apóstolo da Alemanha
7%
Santa Margarida Maria Alacoque Apóstola do Sagrado Coração de Jesus
7%
São Pedro de Alcântara Penitente, teólogo e místico, padroeiro do Brasil
7%
São Bernardo de Claraval Doutor da Igreja, místico, taumaturgo, ajudou a compor a Salve Rainha
6%
São Boaventura Doutor da Igreja, grande filósofo e teólogo, doutor Seráfico
6%
São João Crisóstomo Doutor da Igreja, conhecido como "boca de ouro"
6%
São Simão Stock Recebeu o escapulário de Nossa Senhora do Carmo
6%
Santa Catarina de Labouré Vidente de Nossa Senhora e da Medalha Milagrosa
5%
Santa Genoveva Protetora de Paris
5%
São José de Cupertino Costumava voar devido aos recorrentes êxtases
5%
Santo Afonso Maria de Ligório Doutor da Igreja, fundador de uma congregação, escreveu muitos livros
4%
Santo Alberto Magno Doutor da Igreja, teólogo e filósofo, recebeu o título de Magno
4%
Santo Angelo Carmelita, místico, penitente e mártir
4%
São Basílio Magno/Basílio de Cesaréia Doutor da Igreja, bispo, nasceu e viveu em uma família de santos
4%
Santa Bernadete Soubirous Vidente de Nossa Senhora de Lourdes
4%
São Carlos Borromeu Arcebispo de Milão e Cardeal, auxiliou a contra-reforma
4%
São Francisco de Paula Fundador da Ordem dos Mínimos, taumaturgo e penitente
4%
Santa Maria Egipcíaca/Maria do Egito Se prostituiu, converteu-se e se tornou uma grande penitente no deserto
4%
São Tomás More/Thomas More "O homem que não vendeu a sua alma"
4%
São Camilo de Léllis Fundou uma Ordem para tratar os doentes
3%
Santa Catarina de Bolonha Seu corpo incorrupto está sentado num trono
3%
Santo Isidoro de Sevilha Doutor da Igreja, bispo de Sevilha, grande enciclopedista
3%
São Luís Maria Grignion de Montfort Apóstolo da consagração à Nossa Senhora
3%
São Raimundo Nonato Teve a boca perfurada para que se colocassem cadeados para que não mais pregasse
3%
Santa Zita Foi uma santa empregada doméstica
3%
Santa Adelaide Rainha, sofreu muito em função da família
2%
Santo Anselmo da Cantuária Doutor da Igreja, Arcebispo da Cantuária
2%
Santo Antonio Maria Claret Foi Bispo em Cuba
2%
Santa Catarina de Gênova Tratado sobre o purgatório
2%
Santa Francisca Romana Tratado sobre o inferno
2%
São Gabriel de Nossa Senhora das Dores Devoto de Nossa Senhora das Dores
2%
Santa Gema Galgani Jovem mística e estigmatizada, apanhava do demônio
2%
São Gregório Nazianzeno/Gregório de Nazianzo Doutor da Igreja, maior retórico da era Patrística
2%
Santa Joana de Chantal Fundou a Ordem da Visitação
2%
São João Batista de La Salle Fundou uma Ordem para o ensino religioso
2%
São João Clímaco Autor de Escada do Céu
2%
São João de Deus Fundou uma Ordem para tratar de pessoas com doenças mentais
2%
São João Eudes Promotor e propagandista da devoção litúrgica aos Sagrados Corações de Jesus e Maria
2%
São Nicolau de Flue Padroeiro da Suíça, grande penitente
2%
São Vicente Ferrer Grande pregador e taumaturgo, chamado "O anjo do Apocalipse"
2%
São Beda Doutor da Igreja, pai da erudição inglesa
1%
São Bernardino de Siena/Bernardino de Sena Grande pregador e penitente, trazia as inscrições JHS
1%
São Cirilo de Alexandria Doutor da Igreja, bispo, opositor da heresia nestoriana
1%
São Cirilo de Jerusalém Doutor da Igreja, bispo de Jerusalém, foi três vezes exilado
1%
Santo Efrém Doutor da Igreja, padroeiro da Síria
1%
São Francisco de Borja Pai, viúvo, religioso, Jesuíta, escreveu vários livros
1%
São Geraldo Majela Religioso Redentorista, jovem taumaturgo
1%
São João Damasceno Doutor da Igreja, monge e sacerdote, o último dos santos Padres orientais
1%
Santa Juliana Falconieri Penitente e mística, recebeu em vida um milagre Eucarístico
1%
Santa Luísa de Marillac Fundou a Ordem das Filhas da Caridade
1%
Santa Margarida da Hungria Princesa da Hungria
1%
Santa Maria Madalena de Pazzi Freira Carmelita, mística e penitente
1%
São Paulo da Cruz Fundador, místico e taumaturgo, apóstolo da Paixão
1%
São Pedro Canísio Doutor da Igreja, Jesuíta, grande pregador na Alemanha, escreveu três catecismos
1%
São Pedro Crisólogo Doutor da Igreja, conhecido como "palavra de ouro"
1%
São Roberto Belarmino Doutor da Igreja, adversário da reforma protestante
1%
Santa Rosália Abandonou a corte para ser penitente em uma caverna
1%
São Simeão Estilita Penitente, ficou anos em cima de uma coluna
1%
São Bernardo de Corleone Foi um grande pecador, converteu-se e se tornou um grande penitente
0%
Santo Estanislau Kostka Fugiu de casa para seguir sua vocação religiosa, padroeiro dos noviços
0%
Santo Hilário de Poitiers Doutor da Igreja, lutou contra os arianos no Ocidente
0%
São João de Ávila Doutor da Igreja, grande pregador, autor de Audi, Filia
0%
São Lourenço de Bríndisi Doutor da Igreja, Capuchinho, adversário da reforma protestante e do islamismo
0%
Santa Margarida de Cortona Pecadora conversa, penitente e mística
0%
Santa Maria Domingas Mazzarello Fundadora de uma Ordem de ensino para meninas
0%
São Pascoal Bailão Teólogo da Eucaristia e patrono das devoções Eucarísticas
0%
São Pedro Damião Doutor da Igreja, lutou contra a corrupção eclesiástica, autor de O Livro de Gomorra
0%
Santa Verônica Giuliani Mística, penitente, estigmatizada, sofreu muito em vida e recebeu muitos milagres
0%
Nenhum quiz correspondente encontrado
Distribuição das Pontuações
Porcentagem de Pessoas com Cada Pontuação
Percentil de Números Respondidos
Sua Pontuação Histórica
Você não jogou esse quiz desde o último reset